| 000 | 00367nam a2200109Ia 4500 | ||
|---|---|---|---|
| 008 | 180116s9999 xx 000 0 und d | ||
| 020 | _a9781444337952 | ||
| 245 |
_cPeter M. Fayers, David Machin _aQuality of Life: The assessment, analysis and reporting of patient-reported outcomes |
||
| 250 | _a3rd ed | ||
| 260 |
_bJohn Wiley & Sons, Ltd. _c2016 |
||
| 300 | _a626 pages | ||
| 999 |
_c353274 _d353274 |
||